书目信息 |
| 题名: |
钢铁行业污染综合防治最佳可行技术
|
|
| 作者: | 欧洲共同体 编著 ;高志永 , 孔令坛 , 姜均普 译 | |
| 分册: | ||
| 出版信息: | 北京 化学工业出版社 2014 |
|
| 页数: | 467页 | |
| 开本: | 26cm | |
| 丛书名: | 污染综合防治最佳可行技术参考丛书 | |
| 单 册: | ||
| 中图分类: | X757 | |
| 科图分类: | ||
| 主题词: | 钢铁工业--工业污染防治--技术 , 钢铁工业 , 工业污染防治 | |
| 电子资源: | ||
| ISBN: | 978-7-122-18290-6 | |
| 000 | 01495nam0 2200349 450 | |
| 001 | 3723 | |
| 005 | 20160927091805.40 | |
| 010 | @a978-7-122-18290-6@b精装@dCNY198.00 | |
| 090 | @aX75@bozg | |
| 096 | @aX75@bozg | |
| 100 | @a20140417d2006 em y0chiy50 ea | |
| 101 | 1 | @achi@ceng |
| 102 | @aCN@b110000 | |
| 105 | @aa z 000yy | |
| 200 | 1 | @a钢铁行业污染综合防治最佳可行技术@9gang tie hang ye wu ran zong he fang zhi zui jia ke xing ji shu@b专著@dBest available techniques reference document on the production of iron and steel@f欧洲共同体联合研究中心编著@g高志永,孔令坛,姜均普等译@zeng |
| 210 | @a北京@c化学工业出版社@d2014 | |
| 215 | @a467页@c图@d26cm | |
| 225 | 1 | @a污染综合防治最佳可行技术参考丛书 @9wu ran zong he fang zhi zui jia ke xing ji shu can kao cong shu |
| 304 | @a环境保护部科技标准司组织翻译 | |
| 305 | @aEuropean Communities授权出版 | |
| 330 | @a本书在分析欧洲和世界钢铁生产的基本信息以及所产生的环境问题的基础上,具体介绍了欧盟钢铁生产的最佳可行技术。 | |
| 510 | 1 | @aBest available techniques reference document on the production of iron and steel@zeng |
| 606 | 0 | @a钢铁工业@x工业污染防治@x技术 |
| 606 | 0 | @a钢铁工业 |
| 606 | 0 | @a工业污染防治 |
| 690 | @aX757@v5 | |
| 701 | 02 | @a欧洲共同体@9ou zhou gong tong ti@b联合研究中心@4编著 |
| 702 | 0 | @a高志永@9gao zhi yong@f(1982~)@4译 |
| 702 | 0 | @a孔令坛@9kong ling tan@4译 |
| 702 | 0 | @a姜均普@9jiang jun pu@c(冶金工业)@4译 |
| 801 | 0 | @aCN@b唐山师范学院图书馆@c20151002 |
| 905 | @aZUCC@dX757@e205 | |
| 钢铁行业污染综合防治最佳可行技术=Best available techniques reference document on the production of iron and steel/欧洲共同体联合研究中心编著/高志永,孔令坛,姜均普等译.-北京:化学工业出版社,2014 |
| 467页:图;26cm.-(污染综合防治最佳可行技术参考丛书 ) |
| ISBN 978-7-122-18290-6(精装):CNY198.00 |
| 本书在分析欧洲和世界钢铁生产的基本信息以及所产生的环境问题的基础上,具体介绍了欧盟钢铁生产的最佳可行技术。 |
| ● |
| 相关链接 |
|
|
|
|
正题名:钢铁行业污染综合防治最佳可行技术
索取号:X757/205
 
预约/预借
| 序号 | 登录号 | 条形码 | 馆藏地/架位号 | 状态 | 备注 |
| 1 | 906175 | 209061753 | 第二样本阅览室/ [索取号:X757/205] | 在馆 | |
| 2 | 906176 | 209061762 | 第三借阅区/ [索取号:X757/205] | 在馆 | |
| 3 | 906177 | 209061771 | 第三借阅区/ [索取号:X757/205] | 在馆 | |
| 4 | 906178 | 209061780 | 第三借阅区/ [索取号:X757/205] | 在馆 | |
| 5 | 906179 | 209061799 | 第三借阅区/ [索取号:X757/205] | 在馆 |